000 02850nab a2200313 a 4500
005 20230210063940.0
008 991125c2020 sp fr p o 000 0 spa d
035 _aUPN01000234918
040 _aMX-MxUPN
_bspa
_cMX-MxUPN
_eaacr2
049 _aART-E
100 1 _aGargallo López, Bernardo
_6- bernardo.gargallo@uv.es
_939315
100 1 _aPérez Pérez, Cruz
_941554
100 1 _aGarcía García, Francisco Javier
100 1 _aPortillo Poblador, Nuria
245 1 3 _aLa competencia aprender a aprender en la universidad: propuesta de modelo teórico
_h[recurso electrónico en línea]
506 0 _aAcceso abierto
520 3 _aAprender a aprender es una de las competencias claves fijadas por la Comisión Europea (CE, 2005 y 2006) para los sistemas educativos de los países miembros. Las últimas investigaciones ponen de relieve la importancia de que los estudiantes universitarios aprendan a aprender, por lo que este estudio se ubica en la universidad. El objetivo es concretar un modelo teórico sobre dicha competencia que permita su operacionalización en los grados universitarios. Para ello se ha realizado una revisión de la literatura sobre el tema. Después de estudiar su fundamentación científica y la normativa reguladora, se analizaron múltiples modelos -especialmente provenientes de la literatura europea- y se propuso uno propio. Esta propuesta incluye cinco dimensiones, tres de las cuales (cognitiva, metacognitiva y afectivomotivacional) provienen de la psicología cognitiva y de las teorías sobre estrategias de aprendizaje y aprendizaje autorregulado. La cuarta (social/ relacional) está vinculada al enfoque sociocognitivo y la quinta (ética) es una aportación del equipo investigador, que la consideró fundamental para el desarrollo personal y social del aprendiz. La propia Comisión Europea, en su reformulación de la competencia en 2018, incluye elementos éticos dentro del aprender a aprender. Estas dimensiones se concretaron en subdimensiones, de las que se aporta su descripción. A partir de la revisión de la literatura realizada y de la reflexión del equipo investigador se propone un modelo teórico integrador con un desarrollo más pormenorizado de lo que es habitual en la literatura que se pretende sirva de referente para el trabajo de la competencia en los grados universitarios.
650 2 _aCompetencia
_99830
650 0 _99298
_aEstudiantes universitarios
650 4 _aEstrategias de aprendizaje
_916394
653 0 _aAprendizaje autorregulado
653 0 _aAprender a aprender
653 0 _aCognición social
773 _gVol. 23, no. 1 (2020), p. 19-44
_tEducación xxi
_x1139-613X
856 4 0 _uhttp://revistas.uned.es/index.php/educacionXX1/article/view/23367/20477
902 _aGloriaJiménez
_bGloriaJiménez/121022
905 _aArticulo
942 _cART-E
999 _c207013
_d207013